Shiphandling With Tugs (Record no. 7848)

000 -LEADER
fixed length control field 00268nam a2200109Ia 4500
008 - FIXED-LENGTH DATA ELEMENTS--GENERAL INFORMATION
fixed length control field 201217s9999 xx 000 0 und d
100 ## - MAIN ENTRY--PERSONAL NAME
Personal name Reid, George H.
245 #0 - TITLE STATEMENT
Title Shiphandling With Tugs
260 ## - PUBLICATION, DISTRIBUTION, ETC.
Place of publication, distribution, etc. Centreville
Name of publisher, distributor, etc. Cornell Maritime Press
300 ## - PHYSICAL DESCRIPTION
Extent 265
942 ## - ADDED ENTRY ELEMENTS (KOHA)
Koha item type Books
Holdings
Withdrawn status Lost status Damaged status Not for loan Permanent Location Date acquired Full call number Barcode Date last seen Price effective from Koha item type
        IMU Kolkata 2020-12-17 623.88232 R353 PM03060 2020-12-17 2020-12-17 Books
Designed and Maintained by IMU-KC Library, Kolkata Campus © Copyright All Rights Reserved

webs counters

Powered by Koha